• 首页
  • 本馆介绍
  • 公告通知
  • 最新文献
  • 馆藏检索
  • 电子资源
  • 读者导购
  • 参考咨询
  • 我的图书馆
  • 登录
  • 详细信息显示
  • 放入我的书架
  • 预约/预借图书
  • 作者相关作品
  • 分类相关作品
  • 丛书相关作品
  • 出版社相关作品

书目信息

  • 表格格式
  • 工作单格式
  • 卡片格式
题名:
工业仪表防护
    
 
作者: 裘履正 编
分册:  
出版信息: 北京   机械工业出版社  1975
页数: 192页
开本: 19cm
丛书名: 工业自动化仪表丛书
单 册:
中图分类: TH86
科图分类:
主题词: 工业仪表:自动化仪表 , 自动化仪表:工业仪表
电子资源:
ISBN:
000 00692nam2 2200253 45
001 0175002163
005 20060414103452.59
010    @dCNY0.45
100    @a19951018d1975 em y0chiy0121 ea
101 0  @achi
102    @aCN@b110000
105    @ay z 000yy
200 10 @a工业仪表防护@Agong yie yi biao fang hu@f裘履正编@Fqiu lu zheng bian
210    @a北京@c机械工业出版社@d1975
215    @a192页@d19cm
225 2  @a工业自动化仪表丛书
410  0 @120010@a工业自动化仪表丛书
606    @a工业仪表:自动化仪表
606    @a自动化仪表:工业仪表
690    @aTH86@v3
701  0 @a裘履正@Aqiu lu zheng@4编
801  2 @aCN@bNLC@c20060414
801  0 @aCN@bTSSF
905    @a10447@dTH86@e2
    
    工业仪表防护/裘履正编.-北京:机械工业出版社,1975
    192页;19cm.-(工业自动化仪表丛书)
    
    
    ISBN :CNY0.45
    
●
相关链接 在E读中查询图书 在五车中查询图书 在当当中查询图书 在豆瓣中查询图书


正题名:工业仪表防护     索取号:TH86/2         预约/预借

序号 登录号 条形码 馆藏地/架位号 状态 备注
1 0018077   202258797   密集书库/ [索取号:TH86/2] 在馆    
2 0018078   202258788   密集书库/ [索取号:TH86/2] 在馆    
唐山师范学院图书馆 欢迎您!
大连网信软件有限公司© 版权所有